| 000 | 00622nam a22001817a 4500 | ||
|---|---|---|---|
| 999 |
_c181612 _d181612 |
||
| 005 | 20210927153015.0 | ||
| 010 | _aENG-129976 | ||
| 020 |
_c995.00 _a9789353887568 |
||
| 035 | _aEN-113508 | ||
| 037 | _bDBAD/PUB | ||
| 082 | _a658.4092 | ||
| 245 |
_aTransformational Leadership in Banking: _cChallenges of Governance, Leadership and HR in a Digital and Di/sruptive World _bedited by Anil K. Khandelwal |
||
| 250 | _a2021 | ||
| 260 |
_bSage _c2021 |
||
| 270 |
_bNew Delhi _aBI/1-1 Mohan Cooperative Industrial Area _e110044 |
||
| 300 |
_axxii,514p _c24cm (hbk) _bindex |
||
| 942 |
_2ddc _cEN _h658.4092 _kKHA |
||